00559nam a2200157Ia 4500003000900000008004100009040001600050080001600066100002500082245011600107260005900223300001000282490005300292650004100345650001500386IN-BaIIA211028s9999 xx 000 0 eng d cIIA Library a550.34bMAS aMaso, Miguel Saderra 0aLa seismologia en Filipinasbdatos para el estudio de terremotos del archipielago FilipinocMiguel Saderra Maso aManilabEstab. tip.-litog. de Ramirez y companiac1895 a122p. aBulletin of the national research council; no.90 aAstronomy and Astrophysics Thesaurus aSeismology